000 00467nam a22001691cc4500
001 a987674802+Band2
035 _aa987674802
008 170707s1914 gw |||| 000u ger d
245 0 0 _aBriefe Friedrich des Großen
_nBand 2
264 _aBerlin :
_bHobbing,
_c1914
300 _a285 S.
246 1 2 _aBriefe Friedrich des Großen : in deutscher Übersetzung
_nBand 2
773 0 8 _wa987674802
_qBand2
942 _cMG
040 _cRU-10907106
003 RU-10907106
999 _c44953
_d44953